Arsenal - skład (jak na 26 lutego 2026) - Statystyki

Ogólne statystyki
  • Ten quiz został rozwiązany 84 razy
  • Średni wynik to 21 z 34
Statystyki odpowiedzi
Pozycja Poprzedni klub Narodowość Numer na koszulce Gracz % Poprawnych
Bramkarz Brentford Hiszpania 1 Raya
96%
Pomocnik West Ham Anglia 41 Rice
91%
Bramkarz Chelsea Hiszpania 13 Arrizabalaga
90%
Atak Brak (wychowanek) Anglia 7 Saka
90%
Atak Sporting Szwecja 14 Gyokeres
89%
Pomocnik Real Madryt Norwegia 8 Odegaard
89%
Atak Manchester City Brazylia 9 Jesus
87%
Obrona Marseille Francja 2 Saliba
86%
Obrona Lille Brazylia 6 Gabriel
85%
Atak Brighton Belgia 19 Trossard
85%
Atak Ituano Brazylia 11 Martinelli
82%
Pomocnik Crystal Palace Anglia 10 Eze
81%
Obrona Bologna Wlochy 33 Calafiori
80%
Atak Chelsea Niemcy 29 Havertz
80%
Obrona Bayer Leverkusen Ekwador 5 Hincapie
80%
Trener Manchester City Hiszpania 8 Arteta
78%
Pomocnik Real Sociedad Hiszpania 23 Merino
77%
Obrona Ajax Królestwo Niderlandów 12 Timber
77%
Pomocnik Real Sociedad Hiszpania 36 Zubimendi
77%
Obrona Brighton Anglia 4 White
75%
Obrona Brak (wychowanek) Anglia 49 Lewis-Skelly
71%
Pomocnik Brentford Dania 16 Norgaard
67%
Atak Chelsea Anglia 23 Madueke
66%
Obrona Valencia Hiszpania 3 Mosquera
66%
Pomocnik Brak (wychowanek) Anglia 56 Dowman
63%
Bramkarz Ajax Anglia 53 Setford
27%
Obrona Brak (wychowanek) Anglia 5 Salmon
23%
Bramkarz Brak (wychowanek) Kolumbia 51 Rojas
11%
Bramkarz Brak (wychowanek) Anglia 1 Porter
8%
Atak Brak (wychowanek) Anglia 11 Harriman-Annous
5%
Pomocnik Brak (wychowanek) Anglia 6 Ibrahim
5%
Obrona Brak (wychowanek) Anglia 2 Nichols
4%
Atak Brak (wychowanek) Anglia 15 Bailey-Joseph
3%
Atak Linfield Irlandia Północna 7 O'Neill
3%
Nie znaleziono quizów pasujących do podanych kryteriów
Rozkład punktacji
Procent ludzi z każdym wynikiem
Percentyl według liczby udzielonych odpowiedzi
Twoja historia wyników
Nie rozwiązałeś tego quizu